| 000 | 01599cam a2200397 a 4500 | ||
|---|---|---|---|
| 001 | EDZ0000072225 | ||
| 003 | StDuBDS | ||
| 005 | 20161031105150.0 | ||
| 006 | m||||||||d|||||||| | ||
| 007 | cr ||||||||||| | ||
| 008 | 120412s2007 enka fo| 000|0|eng d | ||
| 020 |
_a9781446214114 (ebook) : _cNo price |
||
| 040 |
_aStDuBDS _beng _cStDuBDS _epn |
||
| 049 | _aAlfaisal Main Library | ||
| 050 | 4 | _aBF637.B4 | |
| 082 | 0 | 4 |
_a371.393 _223 |
| 100 | 1 | _aWallace, Fiona. | |
| 245 | 1 | 0 |
_aNot you - again! _h[electronic resource] : _bhelping children improve playtime and lunch-time behaviour / _cFiona Wallace, Diane Caesar. |
| 250 | _a2nd ed. | ||
| 260 |
_aLondon : _bPaul Chapman, _c2007. |
||
| 300 |
_a1 online resource (112 p.) : _bill. |
||
| 500 | _a"A Lucky Duck book". | ||
| 500 | _aPrevious ed.: 1995. | ||
| 520 | 8 | _aDesigned for use in primary and special schools, this updated edition of Fiona Wallace and Diane Caesar's popular resource now provides teachers and other educational professionals with more than 80 worksheets to promote positive behaviour at breaktime. | |
| 521 | _aSpecialized. | ||
| 588 | _aDescription based on print version record. | ||
| 650 | 0 | _aBehavior modification. | |
| 650 | 0 |
_aSocial skills _xStudy and teaching (Elementary) |
|
| 650 | 0 |
_aSelf-control _xStudy and teaching (Elementary) |
|
| 655 | 7 |
_aElectronic books. _2local |
|
| 700 | 1 | _aCaesar, Diane. | |
| 710 | 2 | _aSage eBooks | |
| 776 | 0 | 8 |
_iPrint version : _z9781412928960 |
| 856 | 4 | 0 | _uhttp://ezproxy.alfaisal.edu/login?url=http://sk.sagepub.com/books/not-you-again-2e |
| 942 |
_2lcc _cEBOOKS |
||
| 999 |
_c480767 _d480767 |
||